Markups, returns to scale, and productivity: a case study of Singapore's manufacturing sector (Record no. 288326)

000 -LEADER
fixed length control field 00462cam a22001337a 4500
008 - FIXED-LENGTH DATA ELEMENTS--GENERAL INFORMATION
fixed length control field 180718b2002 xxu||||| |||| 00| 0 eng d
100 ## - MAIN ENTRY--PERSONAL NAME
Personal name Kee, Looi Hiau
245 ## - TITLE STATEMENT
Title Markups, returns to scale, and productivity: a case study of Singapore's manufacturing sector
Statement of responsibility, etc. by Hiau Looi Kee
260 ## - PUBLICATION, DISTRIBUTION, ETC.
Place of publication, distribution, etc. Washington, D.C.
Name of publisher, distributor, etc. World Bank
Date of publication, distribution, etc. 2002
300 ## - PHYSICAL DESCRIPTION
Extent 37p.
440 ## - SERIES STATEMENT/ADDED ENTRY--TITLE
Title Policy Research Working Paper, no. 2857
650 ## - SUBJECT ADDED ENTRY--TOPICAL TERM
Topical term or geographic name entry element Productivity
650 ## - SUBJECT ADDED ENTRY--TOPICAL TERM
Topical term or geographic name entry element Manufacturing sector
Holdings
Withdrawn status Lost status Damaged status Not for loan Permanent Location Current Location Date acquired Barcode Date last seen Price effective from Koha item type
        Indian Institute of Public Administration Indian Institute of Public Administration 2002-10-28 WB9367 2018-07-20 2018-07-20 WB

Powered by Koha